Filozofický slovník

Bibliographic Details
Format: Book
Language:Slovak
Russian
PhysicalDescription:537 strán 21 cm
Published: Bratislava Pravda 1982
Edition:3. dopl. a preprac. vyd.
Subjects:

MARC

LEADER 00000cam a2200000 a 4500
001 vtls001090303
003 SK-MaSNL
005 20260425231509.0
008 230501s1982 xo grd 00000dslo
015 |a SNBA1982 
020 |q (viazané) 
035 |a SNK000033145 
035 |a 8985F18D-73D3-4453-A43E-1CAF7CBDD6A5 
035 |a urn:nbn:sk:snk-am00ik3s 
040 |a SNK  |b slo  |c SNK  |e AACR2 
041 1 |a slo  |h rus 
044 |a xo  |c SK 
072 7 |a 101  |x Filozofia  |2 konspekt 
080 |a 101  |2 2011 
080 |a (038.072)  |2 2011 
130 0 |a Filosofskij slovar  |l Slovensky  |9 375223 
245 0 0 |a Filozofický slovník  |c hlavný redaktor I.T. Frolov ; [z ruského originálu Filosofskij slovar ... preložil kolektív prekladateľov] 
250 |a 3. dopl. a preprac. vyd. 
260 |a Bratislava  |b Pravda  |c 1982 
300 |a 537 strán  |c 21 cm 
366 |e 20000 kusov 
500 |a Titulný dvojlist. Redakčná poznámka. Zoznam autorov na strane 537. Cudzie termíny a výrazy používané vo filozofickej literatúre na strane 531-536. Obsahuje biografické údaje o filozofoch 
650 0 7 |a filozofia  |2 SNKPH  |9 793 
655 7 |a výkladové slovníky  |2 SNKPH  |9 69007 
700 1 |a Frolov, Ivan Timofejevič,  |d 1929-1999  |4 lso  |9 375224 
852 |a Slovenská národná knižnica 
954 |a odborná, vedecká literatúra cudzojazyčná (svetová)  |2 lita 
958 |a RK 
958 |a TL 
958 |a OND 
958 |a OP 
958 |a RU 
958 |a EUIPO 
999 |c 706255  |d 708185 
952 |a SNK  |b SNK  |y VYP  |7 0  |p 17A0101754  |o snkSC 57295 D4  |0 0  |1 0  |4 0  |d 1997-10-03  |l 0  |r 2004-12-31 00:00:00  |w 2026-02-23 
952 |a SNK  |b SNK  |y VYP  |7 0  |p 17A0126329  |o snkSC 57295 D1  |0 0  |1 0  |4 0  |d 1998-03-03  |l 0  |r 2004-12-31 00:00:00  |w 2026-02-23 
952 |a SNK  |b SNK  |y VYP  |7 0  |p 17A0355310  |o snkSC 57295 D2  |0 0  |1 0  |4 0  |d 2002-09-21  |l 0  |r 2004-12-31 00:00:00  |w 2026-02-23 
952 |a SNK  |b SNK  |y VYP  |7 0  |p 17A0447803  |o snkSC 57295 D3  |i snkK 408/83  |8 3  |0 0  |1 0  |4 0  |d 2004-11-26  |l 0  |r 2004-12-31 00:00:00  |w 2026-02-23 
952 |a SNK  |b SNK  |y PREZ  |7 0  |p 17A0895069  |o snkSC 57295  |i snkKSP 336/83  |0 0  |1 0  |4 0  |d 2012-08-15  |f 1  |l 0  |r 2025-06-02 00:00:00  |w 2026-02-23